MARC

LEADER 00000nam0a2200000 4500
001 20735
005 20231030192220.0
010 |a 5278001771 
035 |a (RuTPU)RU\TPU\book\20925 
035 |a BOOK00000120 
090 |a 20735 
100 |a 20011209d1988 m y0rusy50 ca 
101 0 |a rus 
102 |a RU 
105 |a a z 000zy 
200 1 |a Везет же людям.. Психология здоровья  |f В. Л. Леви 
210 |a Москва  |c Физкультура и спорт  |d 1988 
215 |a 256 с.  |c ил. 
610 1 |a психология 
610 1 |a психотерапия 
610 1 |a психогигиена 
610 1 |a здоровый образ жизни 
610 1 |a личность 
610 1 |a здоровье 
610 1 |a болезнь 
675 |a Р2  |v 3 
686 |a Ю952  |v LBC/SL-A  |2 rubbk 
700 1 |a Леви  |b В. Л.  |g Владимир Львович 
801 0 |a RU  |b 63413507  |c 20011209  |g PSBO 
801 2 |a RU  |b 63413507  |c 20210511  |g PSBO 
942 |c BK